ბათუმის შოთა რუსთაველის სახელმწიფო უნივერსიტეტის ბიბლიოთეკა

რჩეული ბიოგრაფიები / (ბიბ.ჩანაწერი № 56355)

000 -ლიდერი
ფიქსირებული სიგრძის საკონტროლო ველი 01397nam a2200241Ia 4500
001 - საკონტროლო ნომერი
საკონტროლო ველი 23468
003 - საკონტროლო ნომრის იდენტიფიკატორი
საკონტროლო ველი GE_BSU
005 - ბოლო ოპერაციის თარიღი და დრო
საკონტროლო ველი 20221124170250.0
008 - ფიქსირებული სიგრძის მონაცემთა ელემენტები - ზოგადი ინფორმაცია
ფიქსირებული სიგრძის საკონტროლო ველი 181216s1975ge xx |||||||||||||| ||geo||
040 ## - კატალოგიზაციის წყარო
Transcribing agency GE_BSU
041 ## - ენის კოდი
Language code of text/sound track or separate title geo
080 ## - უნივერსალური ათობითი კლასიფიკაციის ინდექსი
Universal Decimal Classification number 94(37)(092) პ-46
100 ## - მთავარი ჩანაწერი - პიროვნების სახელი
Personal name პლუტარქე
9 (RLIN) 16068
245 ## - ცნობა სათაურის შესახებ
Title რჩეული ბიოგრაფიები /
Statement of responsibility, etc პლუტარქე ; [ძველბერძნულიდან თარგმნა, შესავალი წერილი და განმარტებები დაურთო აკ. ურუშაძემ ; ილ. ლ. გრიგოლია].
264 ## - წარმოების, გამოცემის, დისტრიბუციის და სხვა ცნობები
გამოცემის, წარმოების, დისტრიბუციის... ადგილი თბილისი :
გამოცემის, წარმოების, დისტრიბუციის... სახელწოდება საბჭ. საქართველო,
გამოცემის, წარმოების, დისტრიბუციის... თარიღი 1975.
300 ## - ფიზიკური აღწერა
Extent 711 გვ. ;
Other physical details 22 სმ.
440 ## - სერიის ცნობა / დამატებულია ჩანაწერი - სათაური
Title მსოფლიო ლიტერატურის ბიბლიოთეკა : 1-ლი სერია ; ტ. 4
9 (RLIN) 16069
653 ## - INDEX TERM--UNCONTROLLED
Uncontrolled term რომაელი ისტორიული მოღვაწეები; ძველი ბერძენი ისტორიული მოღვაწეები
653 ## - INDEX TERM--UNCONTROLLED
Uncontrolled term რჩეული ბიოგრაფიები
700 ## - ADDED ENTRY--PERSONAL NAME
Personal name ურუშაძე, აკ.
Relator term მთარგმნელი
9 (RLIN) 16070
700 ## - ADDED ENTRY--PERSONAL NAME
Personal name გრიგოლია, ლ
Relator term ილუსტრატორი
9 (RLIN) 7591
942 ## - ADDED ENTRY ELEMENTS (KOHA)
Koha item type წიგნი
Source of classification or shelving scheme
ეგზემპლარები
ჩამოწერის სტატუსი დაკარგული ეგზემპლარის სტატუსი კლასიფიკაციის წყარო ან თაროზე გაწყობის სქემა დაზიანების სტატუსი არ გაიცემა მუდმივი მდებარეობა (დაცვის ადგილი) ამჟამინდელი ადგილსამყოფელი თაროზე განთავსების ადგილი შეძენის თარიღი ღირებულება, შესყიდვის ნორმალური ფასი სრული შენახვის შიფრი შტრიხკოდი ბოლო ოპერაციის თარიღი ეგზემპლარის მიმდევრობითი ნომერი (კეტერი?) ფასის ძალაში შესვლის თარიღი ეგზემპლარის სახეობა საჯარო შენიშვნა
          ბათუმის შოთა რუსთაველის სახელმწიფო უნივერსიტეტის მთავარი ბიბლიოთეკა ბათუმის შოთა რუსთაველის სახელმწიფო უნივერსიტეტის მთავარი ბიბლიოთეკა წიგნსაცავი 2018-12-17 5.00 94(37)(092) პ-46 28380 2018-12-17 28380 2018-12-17 წიგნი 5ლ.60თ.
          ბათუმის შოთა რუსთაველის სახელმწიფო უნივერსიტეტის მთავარი ბიბლიოთეკა ბათუმის შოთა რუსთაველის სახელმწიფო უნივერსიტეტის მთავარი ბიბლიოთეკა წიგნსაცავი 2022-11-24 8.00 94(37)(092) პ-46 63168 2022-11-24 63168 2022-11-24 წიგნი 8.00